000 01141nam a2200325 i 4500
001 000011112
003 DO-SdBNP
005 20250717074015.0
007 ta
008 091014t1985 dr 001 p spa d
040 _aDO-SdBNP
_bspa
_cBNPHU
_erda
041 _hspa
082 4 _aRD861.44
_bP426m
_222
100 1 _a Peralta, Abil,
_eautor
_4aut.
_926618
245 1 0 _aManifiesto para el tiempo :
_bpoemas /
_cAbil Peralta Agüero ; prólogo, Víctor Villegas.
264 4 _aSanto Domingo :
_bBiblioteca Nacional Pedro Henríquez Ureña (BNPHU),
_c©1985.
300 _a138 páginas ;
_c21 cm.
336 _atexto
_btxt
_2rdacontent
337 _asin mediación
_bn
_2rdamedia
338 _avolumen
_bnc
_2rdacarrier
490 0 _aColección Orfeo
500 _aIncluye datos biográficos del autor en la contracubierta
590 _aInventariado, 2018 / DG
650 7 _aPoesía dominicana
_966
650 7 _aLiteratura dominicana.
_967
700 1 _aVillegas, Víctor,
_eprologuista
_4pr.
_97744
710 2 _aBiblioteca Nacional Pedro Henríquez Ureña
_981292
910 _aValidado. Control de calidad EMS.
942 _2ddc
_cLBS1
999 _c10837
_d10837